| 000 | 00580nam a22001817a 4500 | ||
|---|---|---|---|
| 003 | CEME | ||
| 005 | 20210628203206.0 | ||
| 008 | 210301b xxu||||| |||| 00| 0 eng d | ||
| 020 | _a81-7808-292-6 | ||
| 040 | _c. | ||
| 082 | _a621.38456 MIL | ||
| 100 |
_aMiller, Brent.A, Bisdikian, C _963880 |
||
| 245 | _aBluetooth revealed, the insider guide to an open specification for global wireless communications | ||
| 260 |
_aINDIA _bPEARSON EDUCATION ASIA _c2001 |
||
| 300 | _aXV,303P | ||
| 650 |
_aGLOBAL WIRELESS COMMUNICATIONS, WIRELESS COMMUNICATIONS _963881 |
||
| 942 |
_cBK _2ddc |
||
| 999 |
_c572575 _d572575 |
||